000 00855nam a22002297a 4500
003 SISC
005 20170404095901.0
008 160725b xxu||||| |||| 00| 0 eng d
020 _a9780689840340
050 _aPZ 7 . C7878Gr 2013
100 _aCooper, Susan
245 _aGreenwitch :
_bthe dark is rising sequence /
_cSusan Cooper.
260 _aNew York :
_bMargaret K. McElderry Books,
_cc2013.
300 _a158 p. :
_c20 cm.
440 _aThe dark is rising sequence.
520 _aJane's invitation to witness the making of the Greenwitch begins a series of sinister events in which she and her two brothers help the Old Ones recover the grail stolen by the Dark.
650 _aFantasy.
650 _aGood and evil -- Fiction.
650 _aEngland -- Fiction.
650 _aJuvenile literate -- 1973.
942 _2lcc
_cBK
999 _c297892
_d297892